| 000 | 00410nam a2200145Ia 4500 | ||
|---|---|---|---|
| 008 | 210210b1987 xxu||||| |||| 00| 0 eng d | ||
| 082 | _a338.954 ADIF | ||
| 100 | _aADISESHIAH (Malcolm S).. | ||
| 245 | _aForty years of economic development: UN agencies and India. | ||
| 260 |
_aND _bLancer international. _c1987 |
||
| 300 | _aviii,287 | ||
| 650 | _aUN agencies | ||
| 690 | _aIndian Economics | ||
| 906 | _a040601 | ||
| 999 |
_c90627 _d90627 |
||